| 000 | 01270nam a2200241Ia 4500 | ||
|---|---|---|---|
| 999 |
_c40523 _d40523 |
||
| 001 | 7134 | ||
| 003 | GE_BSU | ||
| 005 | 20231006160933.0 | ||
| 008 | 181216s2011||||ge |||||||||||||| ||geo|| | ||
| 020 | _a978994119267 | ||
| 040 | _cGE_BSU | ||
| 041 | _ageo | ||
| 080 | _a821.353.1-6+821.353.1-94 ტ-15 | ||
| 100 |
_aტაბიძე, გალაკტიონ _920013 |
||
| 245 |
_aწერილები, მოგონებები გალაკტიონზე. ტ. 5 : _b[ხუთტომეული] / _cგალაკტიონ ტაბიძე ; [მოგონებები : ს. ჩიქოვანი, ნ. დუმბაძე, მ. ლებანიძე, ვ. ჯავახაძე ; სარედ. ჯგ. : ზ. აბაშიძე, მ. ჯანელიძე, ი. ხარშილაძე]. |
||
| 264 |
_aთბილისი : _bპალიტრა L, _c2011. |
||
| 300 |
_a320 გვ. ; _c20 სმ. |
||
| 490 |
_aჩემი რჩეული _v ჟურნალ "გზის" ბიბლიოთეკა, ტ. 10 _xISSN 2233-3037 |
||
| 541 | _h8ლ. | ||
| 653 | _aწერილები | ||
| 653 | _aმოგონებები გალაკტიონზე | ||
| 942 |
_cBK _2udc |
||